01656nac a22003731i 4500003000900000005001700009008004100026020001500067035002300082040004300105043001200148082001700160245025800177264006000435300005600495336002600551337002800577338002700605504005100632650004600683651003900729651004400768651003100812655001700843700002900860700003600889700004400925700003100969700003101000856008801031942001201119999001501131952013601146EG-ScBUE20240716132923.0240401s2001 ua a f b 001 0 eng d a9774246667 a(OCoLC)ocm48402254 aEG-ScBUEbengerdacEG-ScBUEdEG-ScBUE af-ua---04a932bTRE22204aThe treasures of the Valley of the Kings :btombs and temples of the Theban West Bank in Luxor /cedited by Kent R. Weeks ; photographs by Araldo de Luca ; project editorial, Valeria Manferto De Fabianis, Laura Accomazzo ; graphic design, Clara Zanotti. 1aCairo :bThe American University in Cairo Press,c2001. a434 pages :billustrations (chiefly color) ;c37 cm 2rdacontentatextbtxt aunmediated2rdamediabn avolumebnc2rdacarrier aIncludes bibliographical references and index. 7aTombszEgyptzValley of the Kings.2BUEsh 7aValley of the Kings (Egypt)2BUEsh 7aEgyptxCivilizationyTo 332 B.C.2BUEsh 7aEgyptxAntiquities.2BUEsh vReading book1 aWeeks, Kent R.,eeditor.1 aDe Luca, Araldo,ephotographer.1 aDe Fabianis, Valeria Manferto,eeditor.1 aAccomazzo, Laura,eeditor.1 aZanotti, Clara,edesigner.423Publisher descriptionuhttp://www.loc.gov/catdir/description/ste021/2002275213.html cNB2ddc c2789d2789 00102ddc40708AlahramaMAINbMAINc2NDd2007-04-16ePurchasel1o932 TREp000001458r2025-07-15 00:00:00s2017-08-17v300.00yBB